00557nam a2200169 a 450000100100000000500170001000800410002702000150006804000250008308200150010811000610012324500320018426000840021630000270030050000320032750400280035900004459920201002045505.0140721s1990 xxu r 000 0 spa d a9213001231 aDO-SdBNPbspacBNPHU axxxxbxxxx1 aNaciones UnidasbDepartamento de Información Pública10aABC de las Naciones Unidas. aNueva York :bNaciones Unidas,bDepartamento de Información Pública,c1990. aviii, 263 p. ;c22 cm. aIncluye índie analítico aBibliografía : p. 253